Randy Orton's WrestleMania Opponents - Statistics

General Stats
  • This quiz has been taken 505 times
    207 since last reset
  • The average score is 29 of 39
Answer Stats
WrestleMania Opponent % Correct
WrestleMania XXIV Triple H
95%
WrestleMania 25 Triple H
95%
WrestleMania 29 Seth Rollins
93%
WrestleMania 31 Seth Rollins
93%
WrestleMania XXIV John Cena
91%
WrestleMania 29 Roman Reigns
91%
WrestleMania XXX Batista
90%
WrestleMania 21 The Undertaker
90%
WrestleMania 23* Edge
88%
WrestleMania 36 Edge
88%
WrestleMania 41 Joe Hendry
86%
WrestleMania XL Kevin Owens
86%
WrestleMania 33 Bray Wyatt
85%
WrestleMania 37 "The Fiend" Bray Wyatt
85%
WrestleMania 29 Dean Ambrose
84%
WrestleMania XXX Daniel Bryan
83%
WrestleMania 22 Rey Mysterio
81%
WrestleMania 23* CM Punk
80%
WrestleMania XXVII CM Punk
80%
WrestleMania XXVIII Kane
80%
WrestleMania XXVI Cody Rhodes
78%
WrestleMania XX The Rock
78%
WrestleMania 22 Kurt Angle
74%
WrestleMania XL Logan Paul
74%
WrestleMania XX Mick Foley
73%
WrestleMania 35 AJ Styles
72%
WrestleMania 23* Jeff Hardy
70%
WrestleMania 23* Matt Hardy
70%
WrestleMania XXVI Ted DiBiase Jr
70%
WrestleMania 23* Mr. Kennedy
55%
WrestleMania 23* Finlay
50%
WrestleMania 34 Jinder Mahal
49%
WrestleMania 38 Montez Ford
45%
WrestleMania 34 Rusev
45%
WrestleMania 38 Angelo Dawkins
44%
WrestleMania 23* Booker T
40%
WrestleMania 38 Chad Gable
40%
WrestleMania 38 Otis
40%
WrestleMania 34 Bobby Roode
39%
No matching quizzes found
Score Distribution
Percent of People with Each Score
Percentile by Number Answered
Your Score History
You have not taken this quiz since the last reset